Makroekonómia. Pracovný zošit

Bibliographic Details
Main Author: Kucharčíková, Alžbeta, 1967- (Author)
Format: Book
Language:Slovak
PhysicalDescription:61 s. grafy, sch. 29 cm
Published: V Žiline Žilinská univerzita, Fakulta riadenia a informatiky Edis 2015
ISBN:9788055409757
Edition:1. vyd.
Subjects:

MARC

LEADER 00000nam a2200000 a 4500
001 vtls010667146
003 SK-MaSNL
005 20260302013621.0
008 240314s2015 xo da e n 000 0 slo
015 |a SNBA2015/05 
020 |a 9788055409757  |q (brož.) 
035 |a 101199CC-3A48-4E60-A45B-308376184E9B 
035 |a urn:nbn:sk:snk-amkvkl 
035 |a urn:nbn:sk:snk-am003w08 
040 |a SNK  |b slo  |c SNK  |e AACR2 
041 0 |a slo 
044 |a xo  |c SK 
072 7 |a 33  |x Ekonómia  |2 konspekt 
080 |a 330.101.541  |2 2001 
080 |a (076.1)  |2 2001 
080 |a (075.8)  |2 2001 
100 1 |a Kucharčíková, Alžbeta,  |d 1967-  |4 aut  |9 216384 
245 1 0 |a Makroekonómia.  |p Pracovný zošit  |c Alžbeta Kucharčíková 
246 3 0 |a Pracovný zošit 
250 |a 1. vyd. 
260 |a V Žiline  |b Žilinská univerzita, Fakulta riadenia a informatiky  |b Edis  |c 2015 
300 |a 61 s.  |b grafy, sch.  |c 29 cm 
366 |e 100 výt. 
504 |a Bibliogr.: s. 63 ; zoz. skrat. 
650 0 7 |a makroekonómia  |2 SNKPH  |9 2298 
650 0 7 |a Macroeconomics  |2 SNKPHeng  |9 311660 
655 7 |a pracovné zošity  |2 SNKPH  |9 70188 
655 7 |a učebnice vysokých škôl  |2 SNKPH  |9 70191 
655 7 |a Activity books  |2 SNKPHeng  |9 302885 
655 7 |a Textbooks (higher)  |2 SNKPHeng  |9 276436 
752 |a Slovensko  |d Žilina 
852 |a Štátna vedecká knižnica v Banskej Bystrici 
919 |a 978-80-554-0975-7 
958 |a NB 
999 |c 1013727  |d 1015657 
952 |a SNK  |b SNK  |y PREZ  |7 0  |p 17A1155775  |o snkSB 88176  |i snk2015/12508  |8 0  |0 0  |1 0  |4 0  |d 2015-04-14  |f 1  |l 0  |r 2025-05-12 00:00:00  |w 2026-02-24 
952 |a SNK  |b SNK  |y VYP  |7 0  |p 17A1155774  |o snkSB 88176 D1  |i snk2015/12511  |8 0  |0 0  |1 0  |4 0  |d 2015-04-14  |l 0  |r 2026-02-24 13:00:42  |w 2026-02-24